书目信息 |
| 题名: |
鲁迅创作心理论
|
|
| 作者: | 阎庆生 著 | |
| 分册: | ||
| 出版信息: | 西安 陕西人民教育出版社 1996.09 |
|
| 页数: | 434页 | |
| 开本: | 32开 | |
| 丛书名: | 鲁迅研究书系 | |
| 单 册: | ||
| 中图分类: | I210.96 | |
| 科图分类: | ||
| 主题词: | 文学--作品集--中国 | |
| 电子资源: | ||
| ISBN: | 7-5419-5081-5 | |
| 000 | 00628nam0 2200217 45 | |
| 001 | 0105221523 | |
| 005 | 20031219104049.9 | |
| 010 | @a7-5419-5081-5@b精装@dCNY38.60 | |
| 100 | @a20010522d1996 km y0chiy0120 ea | |
| 101 | 0 | @achi |
| 105 | @a z 000yy | |
| 200 | 1 | @a鲁迅创作心理论@ALu Xun Chuang Zuo Xin Li Lun@f阎庆生著@FYan Qing ShengZhu |
| 210 | @a西安@c陕西人民教育出版社@d1996.09 | |
| 215 | @a434页@d32开 | |
| 225 | @a鲁迅研究书系 | |
| 410 | @12001 @a鲁迅研究书系 | |
| 606 | 0 | @a文学@x作品集@y中国 |
| 690 | @aI210.96@v4 | |
| 701 | @a阎庆生@4著 | |
| 801 | @aCN@bTSTC@c20010522 | |
| 905 | @f2@b297360-361@dI210.96@e176 | |
| 鲁迅创作心理论/阎庆生著.-西安:陕西人民教育出版社,1996.09 |
| 434页;32开.-(鲁迅研究书系) |
| ISBN 7-5419-5081-5(精装):CNY38.60 |
| ● |
| 相关链接 |
|
|
|
|
正题名:鲁迅创作心理论
索取号:I210.96/176
 
预约/预借
| 序号 | 登录号 | 条形码 | 馆藏地/架位号 | 状态 | 备注 |
| 1 | 0297360 | 202973602 | 第二借阅区/ [索取号:I210.96/176] | 在馆 | |
| 2 | 0297361 | 202973611 | 第一样本阅览室/ [索取号:I210.96/176] | 在馆 |